000 00450cam a2200181 4500
001 D2953
008 090401t1933 xxu||||| |||| 00| 0 eng d
035 _a(Sirsi) u71208
041 _aeng
050 _a692.8
100 _aCreswell, William T
245 4 _aThe 1931 form of building contract; assisted by C G Armstrong Cowan
260 _aLondon
_bPitman
_c1933
300 _axi. 171p. 19cm
350 _a0
942 _n0
948 _c04/03/1997
999 _c95395
_d95395